<?xml version="1.0" encoding="UTF-8"?>
<record
    xmlns:xsi="http://www.w3.org/2001/XMLSchema-instance"
    xsi:schemaLocation="http://www.loc.gov/MARC21/slim http://www.loc.gov/standards/marcxml/schema/MARC21slim.xsd"
    xmlns="http://www.loc.gov/MARC21/slim">

  <leader>02545nam a22003017i 4500</leader>
  <controlfield tag="003">DO-SdBNP</controlfield>
  <controlfield tag="005">20250313135520.0</controlfield>
  <controlfield tag="007">ta</controlfield>
  <controlfield tag="008">250305b2001    dr ac||| |||| 00| 0 eng d</controlfield>
  <datafield tag="020" ind1=" " ind2=" ">
    <subfield code="a">9993481734</subfield>
  </datafield>
  <datafield tag="040" ind1=" " ind2=" ">
    <subfield code="a">DO-SdBNP</subfield>
    <subfield code="b">spa</subfield>
    <subfield code="c">BNPHU </subfield>
    <subfield code="e">rda</subfield>
  </datafield>
  <datafield tag="041" ind1=" " ind2=" ">
    <subfield code="a">spa</subfield>
  </datafield>
  <datafield tag="082" ind1=" " ind2="4">
    <subfield code="a"> 972.9356</subfield>
    <subfield code="b">E77sa</subfield>
    <subfield code="2">22</subfield>
  </datafield>
  <datafield tag="100" ind1="1" ind2=" ">
    <subfield code="a">Espinal Est&#xE9;vez, Piero</subfield>
    <subfield code="d">1974-</subfield>
    <subfield code="4">aut.</subfield>
    <subfield code="9">21618</subfield>
    <subfield code="e">autor</subfield>
  </datafield>
  <datafield tag="245" ind1="1" ind2=" ">
    <subfield code="a">San Jos&#xE9; de las Matas :</subfield>
    <subfield code="b">apuntes para su historia /</subfield>
    <subfield code="c">Piero Espinal Est&#xE9;vez.</subfield>
  </datafield>
  <datafield tag="264" ind1=" " ind2=" ">
    <subfield code="a">Santo Domingo, Rep&#xFA;blica Dominicana :</subfield>
    <subfield code="b">Editorial Letra Gr&#xE1;fica, </subfield>
    <subfield code="c">&#xA9;2001.</subfield>
  </datafield>
  <datafield tag="300" ind1=" " ind2=" ">
    <subfield code="a">264 p&#xE1;ginas :</subfield>
    <subfield code="b">ilustraciones, fotograf&#xED;as;</subfield>
    <subfield code="c">23 cm. </subfield>
  </datafield>
  <datafield tag="336" ind1=" " ind2=" ">
    <subfield code="a">texto</subfield>
    <subfield code="b">txt</subfield>
    <subfield code="2">rdacontent</subfield>
  </datafield>
  <datafield tag="337" ind1=" " ind2=" ">
    <subfield code="a">sin mediaci&#xF3;n </subfield>
    <subfield code="b">n</subfield>
    <subfield code="2">rdamedia</subfield>
  </datafield>
  <datafield tag="338" ind1=" " ind2=" ">
    <subfield code="a">volumen  </subfield>
    <subfield code="b">nc</subfield>
    <subfield code="2">rdacarrier </subfield>
  </datafield>
  <datafield tag="505" ind1=" " ind2=" ">
    <subfield code="a">Fundaci&#xF3;n de San Jos&#xE9; de las Matas 7|HISTORIA POLITICA Y MILITAR DE SAN JOS&#xC9; DE LAS MATAS |El San Jos&#xE9; de las Matas patri&#xF3;tico 11|Revoluci&#xF3;n de 1857 17|Guerra de la Restauraci&#xF3;n 18|Revoluci&#xF3;n de 1912 19|Gobierno de Horacio V&#xE1;squez 23|Cr&#xF3;nicas de la pol&#xED;tica en San Jos&#xE9; de las Matas 27|Alcaldes Comunales de San Jos&#xE9; de las Matas 34|Comandantes de Armas de San Jos&#xE9; de las Matas 37|Ayuntamiento 40|ERA DE TRUJILLO|Asesinato de Virgilio Mart&#xED;nez Reyna 54|Asesinato de los Hermano Perozo 56|Sede del Gobierno Nacional 57|Las suntuosas bodas Rubirosa-Trujillo 60|Divorcio Rubirosa-Trujillo 61|Voto electoral femenino trujillista 63|Un "no" a Trujillo 65|DESARROLLO URBANO|Calles 70|Carretera San Jos&#xE9; de las Matas-Santiago 71|Carretera Cibao-Sur 77|Fego de 1938 80|Fuego de 1954 82|Cuerpo de Bomberos 87|RELIGION 88|Cultura religiosa 100|La Semana Santa ancestral 102|EDUCACION 107|SALUD|La medicina en San Jos&#xE9; de las Matas 118|La medicina casera 121|Peculiaridades del lenguaje del paciente en nuestra zona rural 126|CULTURA|Sociedad Ornato y Progreso 130|Sociedad cultural Lira Serrana 131|Fiestas Patronales 133|M&#xFA;sica 139|Artes pl&#xE1;sticas 154|Fotograf&#xED;a 156|Movimiento Scout 157|FOLKLORE|Personajes pintorescos 160|Familias pintorescas 172|Zool&#xF3;gico municipal 172|DEPORTES|B&#xE9;isbol 173|Softball 186|Voleibol 191|SAN JOSE DE LAS MATAS HOY 200|APENDICES 205</subfield>
  </datafield>
  <datafield tag="590" ind1=" " ind2=" ">
    <subfield code="a">Inventariado, 2023 /LP </subfield>
  </datafield>
  <datafield tag="650" ind1=" " ind2="7">
    <subfield code="a"> Ciudades y pueblos (Rep&#xFA;blica Dominicana) </subfield>
    <subfield code="x">Historia local</subfield>
    <subfield code="2">LEMB</subfield>
    <subfield code="9">11182</subfield>
  </datafield>
  <datafield tag="651" ind1=" " ind2="7">
    <subfield code="a">San Jos&#xE9; de las Matas (Rep&#xFA;blica Dominicana) </subfield>
    <subfield code="x">Historia local</subfield>
    <subfield code="2">LEMB</subfield>
    <subfield code="9">45105</subfield>
  </datafield>
  <datafield tag="651" ind1=" " ind2="7">
    <subfield code="a">San Jos&#xE9; de las Matas (Rep&#xFA;blica Dominicana)</subfield>
    <subfield code="x"> Vida social y costumbres </subfield>
    <subfield code="2">LEMB</subfield>
    <subfield code="9">1693</subfield>
  </datafield>
  <datafield tag="910" ind1=" " ind2=" ">
    <subfield code="a">Validado. Control de calidad MFF</subfield>
  </datafield>
  <datafield tag="942" ind1=" " ind2=" ">
    <subfield code="2">ddc</subfield>
    <subfield code="c">LBS1</subfield>
  </datafield>
  <datafield tag="952" ind1=" " ind2=" ">
    <subfield code="0">0</subfield>
    <subfield code="1">0</subfield>
    <subfield code="2">ddc</subfield>
    <subfield code="7">0</subfield>
    <subfield code="8">PD</subfield>
    <subfield code="a">BNPHU</subfield>
    <subfield code="b">BNPHU</subfield>
    <subfield code="c">HD</subfield>
    <subfield code="d">2025-03-05</subfield>
    <subfield code="e">Donado por la Presidencia de la Rep&#xFA;blica Dominicana</subfield>
    <subfield code="l">0</subfield>
    <subfield code="o">BNPHU PD 972.9356 E77sa</subfield>
    <subfield code="p">2025-1457</subfield>
    <subfield code="r">2025-03-05</subfield>
    <subfield code="w">2025-03-05</subfield>
    <subfield code="y">LBS1</subfield>
    <subfield code="z">Perteneci&#xF3; a la biblioteca personal de Emilio Cordero Michel</subfield>
  </datafield>
  <datafield tag="999" ind1=" " ind2=" ">
    <subfield code="c">58319</subfield>
    <subfield code="d">58319</subfield>
  </datafield>
</record>
